Guide to port entry : 1997-98

Αποθηκεύτηκε σε:
Λεπτομέρειες βιβλιογραφικής εγγραφής
Μορφή: Βιβλίο
Γλώσσα:English
Δημοσίευση: Surrey : Shipping Guides Ltd, c1997
Θέματα:
Ετικέτες: Προσθήκη ετικέτας
Δεν υπάρχουν, Καταχωρήστε ετικέτα πρώτοι!

MARC

LEADER 00000nam a2200000 i 4500
001 1/66542
008 980910s1997 eng d
035 |l 10029839 
040 |a GR-MY-UA  |b gre  |e aacr 
041 0 |a eng 
082 0 |a Π 387.1025 
245 1 0 |a Guide to port entry :  |b 1997-98 /  |c devised by: Colin Pielow 
260 |a Surrey :   |b Shipping Guides Ltd,   |c c1997 
300 |a 2τ.(ποικίλες σελιδαρίθμήσεις) 
500 |a v.1: Albania to Kuwait, v.2: Latvia to Zaire 
650 0 0 |a Harbors  |x Directories. 
852 |a INST  |b CHIOS  |e 19980910  |h 387.1025 GUI  |p 005200015617  |q 005200015617  |t REF  |y 23  |z τ.2 
852 |a INST  |b CHIOS  |e 19980910  |h 387.1025 GUI  |p 005200015618  |q 005200015618  |t REF  |y 23  |z τ.1 
852 |a INST  |b CHIOS  |e 19980910  |h 387.1025 GUI  |p 005200015617  |q 005200015617  |t REF  |v τ.2:  |y 23  |z τ.2 
852 |a INST  |b CHIOS  |e 19980910  |h 387.1025 GUI  |p 005200015618  |q 005200015618  |t REF  |v τ.1:  |y 23  |z τ.1 
853 |a INST  |b CHIOS  |h 387.1025 GUI 
901 |a BIBL-1998-3 
909 |a X  |b 054846 
909 |a Χ  |b 054849 
922 |a 2ΕΛΗ  |b 199809  |c ΤΝΕΥ  |d ΜΑΝΤΑΡΑΚΗΣ